000 00697nam a2200277Ia 4500
003 OSt
005 20220912144843.0
006 a|||||r|||| 00| 0
007 ta
008 220909b |||||||| |||| 00| 0 eng d
024 _a71904
037 _cTextual
040 _aCSL
_beng
_cCSL
041 _aeng
082 _aB316, K91
100 _aArtin M
245 0 _aEtale homotopy
260 _aBerlin
_bSpringer-Verlag
_c1969
300 _a169p.
_ccm.
490 _aLecture notes in mathematics; 100
500 _aAppendix 1-4, 147-166p
650 _aTopology
700 _a Nazur B
942 _hB316, K91
_cTEXL
_2CC
999 _c17327
_d17327